Normal view
MARC view
Entry Topical Term
001 - CONTROL NUMBER
- control field: 8483
003 - CONTROL NUMBER IDENTIFIER
- control field: HDC
005 - DATE AND TIME OF LATEST TRANSACTION
- control field: 20230624073300.0
008 - FIXED-LENGTH DATA ELEMENTS
- fixed length control field: 210129|| aca||aabn | a|a d
040 ## - CATALOGING SOURCE
- Original cataloging agency: HDC
- Transcribing agency: HDC
150 ## - HEADING--TOPICAL TERM
- General subdivision: UEM Group
670 ## - SOURCE DATA FOUND
- Source citation: Work cat.: (HDC): Akmyr Syahar Azwar author 7616, GLC Explorace 2017 dijangka jana RM9b /
